Extraños animales del pasado / (Record no. 17719)

MARC details
000 -LEADER
fixed length control field 00661nam a22002177a 4500
001 - CONTROL NUMBER
control field sjds170096
003 - CONTROL NUMBER IDENTIFIER
control field sjds
005 - DATE AND TIME OF LATEST TRANSACTION
control field 20170624144833.0
008 - FIXED-LENGTH DATA ELEMENTS--GENERAL INFORMATION
fixed length control field 170624b nyu||||| |||| 00| 0 spa d
020 ## - INTERNATIONAL STANDARD BOOK NUMBER
International Standard Book Number 9780590468367 (pbk.)
020 ## - INTERNATIONAL STANDARD BOOK NUMBER
International Standard Book Number 0590468367 (pbk.)
040 ## - CATALOGING SOURCE
Transcribing agency sjds
041 ## - LANGUAGE CODE
Language code of text/sound track or separate title spa
Language code of original eng
100 10 - MAIN ENTRY--PERSONAL NAME
Personal name Selsam, Millicent E.
240 ## - UNIFORM TITLE
Uniform title <a href="Strange creatures that really lived.">Strange creatures that really lived.</a>
245 10 - TITLE STATEMENT
Title Extraños animales del pasado /
Statement of responsibility, etc. Millicent Selsam ; ilustraciones de Jennifer Dewey.
260 ## - PUBLICATION, DISTRIBUTION, ETC. (IMPRINT)
Place of publication, distribution, etc. New York :
Name of publisher, distributor, etc. Scholastic Inc.,
Date of publication, distribution, etc. c1993.
300 ## - PHYSICAL DESCRIPTION
Extent 31 pages :
Other physical details color illustrations ;
Dimensions 21 x 28 cm
700 10 - ADDED ENTRY--PERSONAL NAME
Personal name Dewey, Jennifer.
942 ## - ADDED ENTRY ELEMENTS (KOHA)
Source of classification or shelving scheme Dewey Decimal Classification
Koha item type Libro/Book
Holdings
Withdrawn status Lost status Source of classification or shelving scheme Damaged status Not for loan Home library Current library Date acquired Total Checkouts Barcode Date last seen Price effective from Koha item type
    Dewey Decimal Classification     Zaragoza -- Satellite Zaragoza -- Satellite 24/06/2017   35501543 24/06/2017 24/06/2017 Libro/Book

Powered by Koha